It looks like you're offline.
Open Library logo
additional options menu

MARC record from Internet Archive

LEADER: 02686cam 2200649 4500
001 ocm01073376
003 OCoLC
005 20200805023231.0
008 740916s1974 enk b 000 0 eng
010 $a 74179438
040 $aDLC$beng$cDLC$dOCLCQ$dMUQ$dAU@$dU5D$dUKMGB$dEUM$dOCLCO$dOCLCF$dNLE$dOCLCQ$dUKUOY$dUEJ$dNLC$dDHA$dTYC$dOCLCQ$dCEF$dBUB$dOCLCQ$dOCLCO$dNZ1$dPAU$dOCLCA$dOCLCQ$dUWK
015 $aGB7416357$2bnb
015 $a781597978$2can
016 $a(AMICUS)000001089880
016 7 $a003358844$2Uk
019 $a877772840
020 $a0006335608
020 $a9780006335603
035 $a(OCoLC)1073376$z(OCoLC)877772840
043 $ae-fr---
050 00 $aPQ2631.R63$bA875
055 1 $aPQ2631.R63A875
072 7 $acoll1$2lacc
082 00 $a843/.9/12$218
083 0 $aFiction in French. Proust, Marcel. A la recherche du temps perdu Critical studies
084 $acci1icc$2lacc
084 $acoll1$2lacc
100 1 $aShattuck, Roger.
245 10 $aProust.
260 $a[London]$bFontana$c[1974]
300 $a187 pages$c19 cm
336 $atext$btxt$2rdacontent
337 $aunmediated$bn$2rdamedia
338 $avolume$bnc$2rdacarrier
490 1 $aFontana modern masters
504 $aIncludes bibliographical references (pages 185-187).
530 $aAlso issued online.
505 0 $aThe Work and its Author: Obstacles and inducements; The life of an enfant nerveux; An overdetermined universe -- How to Read a roman fleuve: Practical matters; The elements of the story; The plot -- The Comic Vision: Four scenes; A matter of temperament the opening stumble; The uses of the comic -- Proust's Complaint: False scents; From places to people the 'infirmity in my nature'; Soul error; The paradox of consciousness -- Spinning a Yarn: A case history; Two disputes; Composition; Memory; Art.
600 10 $aProust, Marcel,$d1871-1922.$tÀ la recherche du temps perdu.
600 16 $aProust, Marcel,$d1871-1922$tÀ la recherche du temps perdu.
630 07 $aÀ la recherche du temps perdu (Proust, Marcel)$2fast$0(OCoLC)fst01356179
776 08 $iOnline version:$aShattuck, Roger.$tProust.$d[London] Fontana [1974]$w(OCoLC)574795110
830 0 $aFontana modern masters.
029 1 $aAU@$b000000339628
029 1 $aAU@$b000023860639
029 1 $aAU@$b000057753512
029 1 $aHR0$b0006335608
029 1 $aNLC$b000001089880
029 1 $aNLGGC$b783529813
029 1 $aNZ1$b4061111
029 1 $aNZ1$b832575
029 1 $aUKBRU$b0186446
029 1 $aUKDON$b0006335608
029 1 $aUKMGB$b003358844
029 1 $aUNITY$b076368807
994 $aZ0$bP4A
948 $hNO HOLDINGS IN P4A - 203 OTHER HOLDINGS